Statistics for 5 Largest Countries Apart From Russia That......

Click here to take the quiz!

General Stats

  • This quiz has been taken 51 times
  • The average score is 15 of 25

Answer Stats

County% Correct
Border ChinaMongolia
98%
Border Black SeaUkraine
96%
Border China | Have Blue In FlagIndia
89%
Border Black SeaRomania
87%
Border ChinaKazakhstan
85%
Have Blue In FlagUSA
83%
Border Black SeaTurkey
80%
Border Black SeaBulgaria
78%
Have Blue In FlagBrazil
76%
Border ChinaPakistan
74%
Border Black SeaGeorgia
70%
Have Blue In FlagAustralia
67%
Have A Capital Beginning With MMexico
65%
Have Blue In FlagArgentina
61%
Border ChinaMyanmar
57%
Have A Capital Beginning With MSpain
52%
Have A Capital Beginning With M | Have Double LettersPhilippines
50%
Have Double LettersMorocco
30%
Have A Capital Beginning With MMozambique
28%
Have A Capital Beginning With MSomalia
22%
Have Double LettersCameroon
15%
Have Double LettersSierra Leone
9%
Have Double LettersGuinea-Bissau
7%

Score Distribution

Percentile by Number Answered

Percent of People with Each Score

Your Score History

You have not taken this quiz